Language Quiz

Random Language or Letter Quiz

20 Ways Not to Visit a 'Site' Quiz Stats

 Plays Quiz Updated Jul 13, 2019

Score 0/20 Timer 01:30
1 Play Today
% Correct
Bite
97.6%
Mite
96.7%
Lite
96%
Sate
93.9%
Kite
92.3%
Rite
91.8%
Cite
91.5%
Nite
91.3%
Sine
86.7%
Side
85.8%
% Correct
Dite
85.1%
Wite
79.7%
Sire
79.3%
Gite
78.7%
Sice
75.7%
Sipe
71%
Sike
64.6%
Sits
62.5%
Size
61.2%
Sith
56.4%

You're not logged in!

Compare scores with friends on all Sporcle quizzes.
OR
Log In

Show Comments

Extras

Top Quizzes Today


Score Distribution

Your Account Isn't Verified!

In order to create a playlist on Sporcle, you need to verify the email address you used during registration. Go to your Sporcle Settings to finish the process.

Report this User

Report this user for behavior that violates our Community Guidelines.

Details: